Αρτεμίδωρος : άπαντα
Saved in:
| Main Author: | |
|---|---|
| Corporate Author: | |
| Format: | Book |
| Language: | Greek Ancient Greek |
| Published: |
[Αθήνα] :
Κάκτος,
[2000]
|
| Series: | Έλληνες (Εκδόσεις Κάκτος)
|
| Subjects: | |
| Tags: |
Add Tag
No Tags, Be the first to tag this record!
|
MARC
| LEADER | 00000cam a2200000 i 4500 | ||
|---|---|---|---|
| 001 | 1/27252 | ||
| 008 | 060330s2000 gr | ||| |||| ||gre|| | ||
| 035 | |l 10083359 | ||
| 040 | |a GR-MyUa |b gre |e AACR2 | ||
| 041 | 1 | |a gre |h grc | |
| 082 | 7 | |a 135.3 |2 (22) | |
| 100 | 0 | |a Αρτεμίδωρος ο Δαλδιανός, |d 2ος αι. μ.Χ. | |
| 245 | 1 | 0 | |a Αρτεμίδωρος : |b άπαντα / |c Αρτεμίδωρος ; εισαγωγή, μετάφραση, σχόλια Φιλολογική Ομάδα Κάκτου. |
| 260 | |a [Αθήνα] : |b Κάκτος, |c [2000] | ||
| 300 | |a 3 τ. ; |c 21 εκ. | ||
| 490 | 1 | |a (Οι Έλληνες ; |v 688-690) | |
| 500 | |a Το τεκμήριο περιλαμβάνει και τους τρείς τόμους σε έναν. | ||
| 505 | 8 | |a Τ. 1. Ονειροκριτικών Α' -- τ. 2. Ονειροκριτικών Β' -- τ. 3. Ονειροκριτικών Γ'-Ε'. | |
| 650 | 0 | 0 | |a Dream interpretation |x Early works to 1800. |
| 650 | 0 | 0 | |a Dreams. |
| 710 | 2 | |a Φιλολογική Ομάδα Κάκτου. | |
| 830 | 0 | |a Έλληνες (Εκδόσεις Κάκτος) | |
| 852 | |a INST |b RHODES |c KRI |e 20060330 |h 135.3 ΑΡΤ |p 005400021110 |q 005400021110 |t BK |v τ.1-3: |y 0 |z τ.1-3 | ||
| 853 | |a INST |b RHODES |c KRI |h 135.3 ΑΡΤ | ||
| 901 | |a BIBL4-2006-1 | ||
| 970 | |a ΚΟΖΑ |b ΜΑΡΙΑ |z 2006/03/30 | ||